00315nam a2200109 a 4500008004100000020001500041050001900056245007700075260003000152300001400182350000900196080902s2006 ||||||||||||||||| || u a1919969144 aSADC(02)2008/100aSADC Parliamentary - Civil Society Engagement HandbookcHughes, Tim (ed) aJohannesburgbSAIIAc2006 aiv, 248p. a0.00